000 00980nas a22003130a 4500
001 PT22840
003 AR-LpoUNG
005 20210201231241.0
008 201001s1995||||pe |||||||||||||||||spa d
040 _aAR-LpoUNG
_bspa
_eaacr
041 _aspa
044 _ape
082 0 _a372.2 59niñ
245 1 4 _aLos niños, su organización y su aprendizaje
260 _aLima :
_bInstituto de Pedagogía Popular,
_c1995.
300 _a39 p. :
_bil.
_3Impreso
490 0 _aPrimera infancia ;
_vno.8
520 _aCaracterización de la conducta infantil, su observación del medio que los rodea y de su aprendizaje.
650 4 _aAPRENDIZAJE
650 4 _aCIENCIAS DE LA EDUCACION
650 4 _aCOMPORTAMIENTO
650 4 _aDESARROLLO DEL NIÑO
650 4 _aEDUCACION
651 4 _aDOCUMENTOS TEORICOS O METODOLOGICOS
710 2 _aInstituto de Pedagogía Popular (Perú)
710 2 _aInstituto de Pedagogía Popular (Perú)
905 _a22840
942 _cLIB
999 _c52945
_d52945